デレステ ユニット楽曲 -Cu,Co,Pa- - Statistics

General Stats
  • This quiz has been taken 13 times
    9 since last reset
  • The average score is 47 of 138
Answer Stats
Type 楽曲名 % Correct
Cu アタシポンコツアンドロイド
100%
Cu チョコレート?レモネード?どっち??
100%
Cu パステルピンクな恋
100%
Co 咲いてJewel
100%
Co S Starry Night
100%
Cu 明日また会えるよね
67%
Cu あんきら!?狂騒曲
67%
Cu オレンジタイム
67%
Cu キラッ!満開スマイル
67%
Cu ラビューダ♡トライアングル
67%
Co オウムアムアに幸運を
67%
Co 堕ちる果実
67%
Co オルゴールの小箱
67%
Co バベル
67%
Co レッド・ソール
67%
Pa 神様!絶対だよ
67%
Pa 絶対特権主張しますっ!
67%
Pa ゼロトゥワン!!
67%
Pa なつっこ音頭
67%
Pa ヒーローヴァーサスレイナンジョー
67%
Co エチュードは1曲だけ
67%
Cu H Happy×2 Days
67%
Cu H HARURUNRUN
67%
Cu K Kawaii make MY day!
67%
Pa L LET'S GO HAPPY!!
67%
Co L Lunatic Show
67%
Co M Max Beat
67%
Co M Memories
67%
Co M Morgana
67%
Co N Nation Blue
67%
Pa O O-Ku-Ri-Mo-No Sunday!
67%
Cu O ØωØver!!
67%
Pa O Orange Sapphire
67%
Cu S Secret Mirage
67%
Co T Trancing Pulse
67%
Co T Trinity Field
67%
Cu イーリャンサンキュー
33%
Cu いとしーさー♥
33%
Cu オトメゴコロ更新中
33%
Cu かぼちゃ姫
33%
Cu クレイジークレイジー
33%
Cu サマーサイダー
33%
Cu さやけき花の生命に
33%
Cu さよならアロハ
33%
Cu 幸せの法則~ルール~
33%
Cu 太陽の絵の具箱
33%
Cu 凸凹スピードスター
33%
Cu とんでいっちゃいたいの
33%
Cu まほうのまくら
33%
Cu ミステリーハート
33%
Cu モラトリアム
33%
Cu よりみちリトルスター
33%
Co アンデッド・ダンスロック
33%
Co 廻談詣り
33%
Co 君のステージ衣装、本当は…
33%
Co ギョーてん!しーわーるど!
33%
Co グッデイ・グッナイ
33%
Co この空の下
33%
Co ささのはに、うたかたに。
33%
Co さよならアンドロメダ
33%
Co ストリート・ランウェイ
33%
Co 未完成の歴史
33%
Co 流星浪漫
33%
Co ワタシ御伽ばなシ
33%
Pa 輝け!ビートシューター
33%
Pa きみにいっぱい☆
33%
Pa 空想探査計画
33%
Pa ダンシング・デッド
33%
Pa チカラ!イズ!ぱわー!!
33%
Pa 熱情エナモラル
33%
Pa ノートの中のテラリウム
33%
Pa パ・リ・ラ
33%
Pa 冬空プレシャス
33%
Pa 禍魂朧夜
33%
Pa モーレツ★世直しギルティ!
33%
Pa 私色ギフト
33%
Pa C CoCo夏夏夏Holiday
33%
Co D Drastic Melody
33%
Pa E EVIL LIVE
33%
Cu F Fascinate
33%
Pa F Flip Flop
33%
Pa G Gossip Club
33%
Cu H Halloween♥Code
33%
Cu H Heart Voice
33%
Co オタク is LOVE!
33%
Co I Isosceles
33%
Co J Jet to the Future
33%
Cu ギュっとMilky Way
33%
Co N Needle Light
33%
Pa N N.O.R.〜Notes of Revolution〜 革命についての覚書
33%
Co P Pretty Liar
33%
Co S Secret Daybreak
33%
Pa S SUN♡FLOWER
33%
Pa S Sunshine See May
33%
Pa T TAKAMARI☆CLIMAXXX!!!!!
33%
Cu T Teeenage☆Groovin'
33%
Pa T Twin☆くるっ★テール
33%
Co V VOY@GER
33%
Cu W White again
33%
Cu 書きかけのラブレター
0%
Cu きゅん・きゅん・まっくす
0%
Cu ステップ&スキップ
0%
Cu 全開!ミラクルアドベンチャー!
0%
Cu メモリーブロッサム
0%
Cu ラブレター
0%
Co 双翼の独奏歌
0%
Pa 情熱ファンファンファーレ
0%
Pa スパイスパラダイス
0%
Pa ダイアモンド・アテンション
0%
Pa トロピカルガール
0%
Pa ハートボイルドウォーズ
0%
Pa バラカストーリア~月と太陽に祝福を~
0%
Cu B Blooming Days
0%
Co D D-ark L-ily's Grin
0%
Pa D Demolish
0%
Cu ほほえみDiary
0%
Co 秋めいてDing Dong Dang!
0%
Co E EPHEMERAL AЯROW
0%
Cu F Fin[e] ~美しき終焉~
0%
Co F Frost
0%
Co G Gaze and Gaze
0%
Pa H HALLOWEEN GAME
0%
Cu H Hardcore Toyworld
0%
Cu H Home Sweet Home
0%
Co J Just Us Justice
0%
Pa アッパレ♪Mahara★Japaaan!
0%
Co 夏恋-NATSU KOI-
0%
Co N Night Time Wander
0%
Co N Nocturne
0%
Co N No One Knows
0%
Cu P Palette
0%
Cu S shabon song
0%
Cu S Sing the Prologue♪
0%
Pa S Snow*Love
0%
Pa S Spring Screaming
0%
Pa T THE VILLAIN'S NIGHT
0%
Pa V Virgin Love
0%
Pa W We wish your smile
0%
No matching quizzes found
Score Distribution
Percent of People with Each Score
Percentile by Number Answered
Your Score History
You have not taken this quiz since the last reset